| 000 | 01006nam a2200289 i 4500 | ||
|---|---|---|---|
| 003 | DO-SdBNP | ||
| 005 | 20260629100226.0 | ||
| 007 | ta | ||
| 008 | 260629b2009 dr ||||| |||| 00| 0 spa d | ||
| 020 | _a9789945020861 | ||
| 040 |
_aDO-SdBNP _bspa _cBNPHU _erda |
||
| 041 | _aspa | ||
| 082 | 4 |
_axxx _bxxx _222 |
|
| 245 | 0 | 0 |
_aFilosofía dominicana : _bpasado y presente / _ccompilador, Luisitania F. Martínez Jiménez ; cuidado de edición, Consuelo Muñiz Díaz |
| 264 | 4 |
_aSanto Domingo : _bArchivo General de la Nación _c©2009. |
|
| 300 |
_avolumen ; _c23 cm. |
||
| 336 |
_atexto _btxt _2rdacontent |
||
| 337 |
_asin mediación _bn _2rdamedia |
||
| 338 |
_avolumen _bnc _2rdacarrier |
||
| 490 | 0 |
_aArchivo General de la Nación _v94 |
|
| 500 | _aIncluye datos biográficos del autor. | ||
| 590 | _aInventariado, 2026/BT | ||
| 700 | 1 |
_aMartínez Jiménez, Lusitania F., _ecompilador _4comp. _946143 |
|
| 700 | 1 |
_aMuñiz Díaz, Consuelo, _eeditor _4ed. _990443 |
|
| 910 | _aBtavárez | ||
| 942 |
_2ddc _cLBS1 |
||
| 999 |
_c60964 _d60964 |
||